Relatos populares de la Inquisición novohispana : rito, magia y otras "supersticiones", siglos XVII-XVIII /

Đã lưu trong:
Chi tiết về thư mục
Tác giả khác: Flores, Enrique, 1958- (Biên tập viên), Masera, Mariana (Biên tập viên), Carranza Vera, Claudia (Biên tập viên), Cortés Hernández, Santiago (Biên tập viên), Granados, Berenice (Biên tập viên), López Riadura, Cecilia (Biên tập viên), Mateo, José Manuel (Biên tập viên)
Định dạng: Điện tử eBook
Ngôn ngữ:Tiếng Tây Ban Nha
Được phát hành: Madrid : [Ciudad de México] : Consejo Superior de Investigaciones Científicas ; Universidad Nacional Autónoma de México, 2010.
Loạt:De acá y de allá ; no 6.
Những chủ đề:
Truy cập trực tuyến:Digitalia Hispánica
Các nhãn: Thêm thẻ
Không có thẻ, Là người đầu tiên thẻ bản ghi này!

MARC

LEADER 00000nam a2200000 i 4500
001 DIGCSIC0376
003 NyNyDIG
008 200617s2010 sp ab ob 001 0 spa d
006 m o d
007 cr |||||||||||
035 |a (OCoLC)1160045842 
040 |a DGITA  |b eng  |e rda  |e pn  |c DGITA 
020 |a 9788400102548  |q eBook  |q CSIC 
020 |a 8400102541  |q eBook  |q CSIC 
020 |z 9788400091767  |q CSIC 
020 |z 8400091760  |q CSIC 
020 |z 9786070218620  |q UNAM 
020 |z 6070218620  |q UNAM 
024 7 |a 059-17-159-3  |q e-NIPO  |2 nipo 
024 7 |z 472-10-148-0  |2 nipo 
043 |a n-mx--- 
050 1 4 |a BX1740.M6 ebook 
082 0 4 |a 272.20972 
245 0 0 |a Relatos populares de la Inquisición novohispana :  |b rito, magia y otras "supersticiones", siglos XVII-XVIII /  |c Enrique Flores y Mariana Masera (coords.) ; Claudia Carranza, Santiago Cortés H., Berenice Granados, Cecilia López R. y José Manuel Mateo (eds.) 
264 1 |a Madrid :  |b Consejo Superior de Investigaciones Científicas ;  |a [Ciudad de México] :  |b Universidad Nacional Autónoma de México,  |c 2010. 
300 |a 1 online resource :  |b illustrations, maps. 
336 |a text  |b txt  |2 rdacontent 
337 |a computer  |b c  |2 rdamedia 
338 |a online resource  |b cr  |2 rdacarrier 
347 |a text file  |2 rdaft 
347 |b PDF 
490 1 |a De acá y de allá ;  |v no 6 
504 |a Includes bibliographical references and indexes. 
588 0 |a Online resource; title from PDF title page (Digitalia, viewed June 17, 2020) 
650 0 |a Inquisition  |z Mexico. 
650 0 |a Folklore  |z Mexico  |x History. 
650 0 |a Witchcraft  |z Mexico  |x History. 
651 0 |a Mexico  |x Church history. 
655 0 |a Electronic books. 
700 1 |a Flores, Enrique,  |d 1958-  |e editor. 
700 1 |a Masera, Mariana,  |e editor. 
700 1 |a Carranza Vera, Claudia,  |e editor. 
700 1 |a Cortés Hernández, Santiago,  |e editor. 
700 1 |a Granados, Berenice,  |e editor. 
700 1 |a López Riadura, Cecilia,  |e editor. 
700 1 |a Mateo, José Manuel,  |e editor. 
791 2 |a Digitalia (Firm),  |e distributor. 
793 0 |g Digitalia eBook Collection:  |a Editorial CSIC 
776 0 8 |i Print version:  |t Relatos populares de la Inquisición novohispana.  |d Madrid : Consejo Superior de Investigaciones Científicas ; [Ciudad de México] : Universidad Nacional Autónoma de México, 2010  |z 9788400091767  |w (DLC) 2011376520  |w (OCoLC)698165885 
830 0 |a De acá y de allá ;  |v no 6. 
856 4 0 |3 Digitalia Hispánica  |u https://digitalia.unach.elogim.com/a/50733/ 
910 |a Premium collection: 2020